Catalog

Record Details

Catalog Search



Černý obelisk  Cover Image Book Book

Černý obelisk / Erich Maria Remarque ; Z něm. přel. Jan Scheinost ; Graf. upravil Josef Týfa

Record details

  • Physical Description: 355 s. ; 20 cm
  • Edition: 5. vyd. tohoto překladu (3. vyd. v Odeonu)
  • Publisher: Praha : Odeon, 1986

Content descriptions

General Note:
Obálka Jan Jiskra
60000 výt.

Available copies

  • 1 of 1 copy available at Common Catalog SPOK.

Holds

  • 0 current holds with 1 total copy.
Show Only Available Copies
Location Call Number / Copy Notes Barcode Shelving Location Status Due Date
KDS Library 810 ReE 204576801155 Library Available -

LDR 00891nam a2200289 4500
00120811
003CZ-PrJAB
00520150710070007.0
007tu
008870114s1986 xr u0|0 cze
015 . ‡acnb000016519
020 . ‡q(Brož.) : ‡c23 Kčs
035 . ‡a(CZ PrNK)ck8605659
035 . ‡a(OCoLC)39422326
040 . ‡aABA001 ‡bcze ‡dABA001
0411 . ‡acze ‡hger
080 . ‡a840-31 ‡2undef
1001 . ‡aRemarque, Erich Maria, ‡d1898-1970 ‡7jn19981002079 ‡4aut
24510. ‡aČerný obelisk / ‡cErich Maria Remarque ; Z něm. přel. Jan Scheinost ; Graf. upravil Josef Týfa
250 . ‡a5. vyd. tohoto překladu (3. vyd. v Odeonu)
260 . ‡aPraha : ‡bOdeon, ‡c1986 ‡f(Mír 3)
300 . ‡a355 s. ; ‡c20 cm
500 . ‡aObálka Jan Jiskra
500 . ‡a60000 výt.
7001 . ‡aScheinost, Jan, ‡d1930-1980 ‡7jk01110875 ‡4trl
7650 . ‡tSchwarze Obelisk ‡9Česky
910 . ‡aABE463
998 . ‡a000016519
901 . ‡a20811 ‡b ‡c20811 ‡tbiblio

Additional Resources